Pozitivní manažerské taktiky /

Gespeichert in:
Bibliographische Detailangaben
Hauptverfasser: McHenry, Jeffrey J (Verfasst von), McKenna, D.Douglas (Verfasst von)
Format: Buch
Sprache:Tschechisch
Veröffentlicht: Praha : Grada, 1996
Ausgabe:1. vyd.
Tags: Tag hinzufügen
Keine Tags, Fügen Sie das erste Tag hinzu!

MARC

LEADER 00000nam a22000003a 4500
001 stu32849
005 20150617225731.8
008 960924s1996----xr------------------cze-d
020 |a 80-7169-315-4 
040 |a STU  |b slo 
041 0 |a cze 
044 |a xr 
080 |a 65.012.4 
100 1 |a McHenry, Jeffrey J  |4 aut 
245 1 |a Pozitivní manažerské taktiky /  |c [aut.] McKenna,D.Douglas; McHenry,Jeffrey J 
250 |a 1. vyd. 
260 |a Praha :  |b Grada,  |c 1996 
300 |a 134 s 
700 1 |a McKenna, D.Douglas  |4 aut 
996 |b J92395  |c J*92395  |l JJSK  |s A  |a 24  |w stu32849_0001